000
00451nam a2200145Ia 4500
008
100122s9999 xx 000 0 und d
082
_b
70076
_a
181.4
100
_a
ओशो
245
_a
अंतर्यात्रा
260
_b
जीवन जागृती केंद्र प्रकाशन
_c
1979
300
_a
181
630
_a
अंतर्यात्रा
730
_a
अंतर्यात्रा
942
_c
BOOK
999
_c
441163
_d
441160